<?xml version="1.0" encoding="UTF-8"?>
<record
    xmlns:xsi="http://www.w3.org/2001/XMLSchema-instance"
    xsi:schemaLocation="http://www.loc.gov/MARC21/slim http://www.loc.gov/standards/marcxml/schema/MARC21slim.xsd"
    xmlns="http://www.loc.gov/MARC21/slim">

  <leader>03656nam a2200565Ia 4500</leader>
  <controlfield tag="001">dia_3803</controlfield>
  <controlfield tag="003">CHAP</controlfield>
  <controlfield tag="005">20240318124625.0</controlfield>
  <controlfield tag="007">ta</controlfield>
  <controlfield tag="008">220117s2006    mx deo fr  m  001 0 spa d</controlfield>
  <datafield tag="040" ind1=" " ind2=" ">
    <subfield code="c">CHAP</subfield>
    <subfield code="a">mxchpua</subfield>
  </datafield>
  <datafield tag="090" ind1=" " ind2=" ">
    <subfield code="a">T.C.450 </subfield>
    <subfield code="b">S99 EIUPA </subfield>
    <subfield code="c">2006</subfield>
  </datafield>
  <datafield tag="245" ind1="1" ind2="0">
    <subfield code="a">Grupo agroindustrial y alcoholero de M&#xE9;xico, S. A. de C. V. /</subfield>
    <subfield code="c">coordinadores Rosa Guadalupe Szymanski Duque y Amilcar Renan Mejenes Quijano ; colaboradores Jos&#xE9; Evandro Briones Bermudes...[et al.]</subfield>
  </datafield>
  <datafield tag="260" ind1=" " ind2=" ">
    <subfield code="a">M&#xE9;xico :</subfield>
    <subfield code="b">El autor,</subfield>
    <subfield code="c">2006</subfield>
  </datafield>
  <datafield tag="300" ind1=" " ind2=" ">
    <subfield code="a">78 hojas :</subfield>
    <subfield code="b">gr&#xE1;ficas, diagramas, tablas, fotos, planos</subfield>
  </datafield>
  <datafield tag="336" ind1=" " ind2=" ">
    <subfield code="2">rdacontent</subfield>
    <subfield code="a">texto</subfield>
    <subfield code="b">txt</subfield>
  </datafield>
  <datafield tag="337" ind1=" " ind2=" ">
    <subfield code="2">rdamedia</subfield>
    <subfield code="a">computadora</subfield>
    <subfield code="b">c</subfield>
  </datafield>
  <datafield tag="338" ind1=" " ind2=" ">
    <subfield code="2">rdacarrier</subfield>
    <subfield code="a">disco de computadora</subfield>
    <subfield code="b">cd</subfield>
  </datafield>
  <datafield tag="500" ind1=" " ind2=" ">
    <subfield code="a">7&#xB0; a&#xF1;o Grupo 1
Solo lo hay en Cd. -- 
El cd contiene reporte y planos.</subfield>
  </datafield>
  <datafield tag="502" ind1=" " ind2=" ">
    <subfield code="a">Viaje de Estudios </subfield>
    <subfield code="b">(EIUPA) -- </subfield>
    <subfield code="c">UACh. Departamento de Ingenier&#xED;a Agroindustrial,</subfield>
    <subfield code="d"> 2006</subfield>
  </datafield>
  <datafield tag="504" ind1=" " ind2=" ">
    <subfield code="a">Bibliograf&#xED;a: hoja 68</subfield>
  </datafield>
  <datafield tag="505" ind1=" " ind2=" ">
    <subfield code="a">11 planos --
1. Diagrama de recorrido de Xtabentun -- 
2. Plano de distribuci&#xF3;n de &#xE1;reas -- 
3. Plano de distribuci&#xF3;n de Equipo -- 
4. Plano de distribuci&#xF3;n de drenaje -- 
5. Diagrama unifilar --
6. Diagrama de tuber&#xED;a e instrumentaci&#xF3;n (D.T.I.) de caldera -- 
7. Diagrama unifilar -- 
8. Diagrama de tuber&#xED;a e instrumentaci&#xF3;n (D.T.I.) de mezcladora -- 
9. Diagrama de flujo de nance en licor -- 
10. Diagrama de flujo de licor de Xtabentun -- 
11. Diagrama de recorrido de nance en licor</subfield>
  </datafield>
  <datafield tag="650" ind1="1" ind2="3">
    <subfield code="a">Chile habanero  </subfield>
  </datafield>
  <datafield tag="650" ind1="1" ind2="3">
    <subfield code="a">Licores  </subfield>
    <subfield code="9">66717</subfield>
  </datafield>
  <datafield tag="650" ind1="1" ind2="3">
    <subfield code="a">Salsas  </subfield>
    <subfield code="9">101789</subfield>
  </datafield>
  <datafield tag="650" ind1="1" ind2="3">
    <subfield code="a">Liqueurs  </subfield>
    <subfield code="9">155399</subfield>
  </datafield>
  <datafield tag="650" ind1="1" ind2="3">
    <subfield code="a">Sauces</subfield>
    <subfield code="9">155349</subfield>
  </datafield>
  <datafield tag="700" ind1="1" ind2=" ">
    <subfield code="a">Mejenes Quijano, Amilcar Ren&#xE1;n</subfield>
    <subfield code="9">147387</subfield>
    <subfield code="e">coordinador</subfield>
  </datafield>
  <datafield tag="700" ind1="1" ind2=" ">
    <subfield code="a">Szymanski Duque, Rosa Guadalupe</subfield>
    <subfield code="9">151434</subfield>
    <subfield code="e">coordinadora</subfield>
  </datafield>
  <datafield tag="700" ind1="1" ind2=" ">
    <subfield code="a">Briones Bermudes, Jos&#xE9; Evandro</subfield>
    <subfield code="9">155400</subfield>
    <subfield code="e">colaborador</subfield>
  </datafield>
  <datafield tag="856" ind1="4" ind2="2">
    <subfield code="u">http://10.13.5.2/ve/TC450EIUPA/TC450EIUPA2006-PLANO-DIAGRAMASDERECORRIDOXTABENTUN.pdf</subfield>
    <subfield code="y">DESCARGAR DIAGRAMA DE RECORRIDO  DE XTABENTUN</subfield>
  </datafield>
  <datafield tag="856" ind1="4" ind2="2">
    <subfield code="u">http://10.13.5.2/ve/TC450EIUPA/TC450EIUPA2006-PLANO-PLANODEDISTRIBUCIONDEAREAS.pdf</subfield>
    <subfield code="y">DESCARGAR PLANO DE DISTRIBUCI&#xD3;N DE &#xC1;REAS</subfield>
  </datafield>
  <datafield tag="856" ind1="4" ind2="2">
    <subfield code="u">http://10.13.5.2/ve/TC450EIUPA/TC450EIUPA2006-PLANO-DISTRIBUCIONDEMAQUINARIAYEQUIPO.pdf</subfield>
    <subfield code="y">DESCARGAR PLANO DE DISTRIBUCI&#xD3;N DE EQUIPO</subfield>
  </datafield>
  <datafield tag="856" ind1="4" ind2="2">
    <subfield code="u">http://10.13.5.2/ve/TC450EIUPA/TC450EIUPA2006-PLANO-DISTRIBUCIONDEDRENAJE.pdf</subfield>
    <subfield code="y">DESCARGAR PLANO DE DISTRIBUCI&#xD3;N DE DRENAJE</subfield>
  </datafield>
  <datafield tag="856" ind1="4" ind2="2">
    <subfield code="u">http://10.13.5.2/ve/TC450EIUPA/TC450EIUPA2006-PLANO-DIAGRAMAUNIFILAR.pdf</subfield>
    <subfield code="y">DESCARGAR DIAGRAMA UNIFILAR</subfield>
  </datafield>
  <datafield tag="856" ind1="4" ind2="2">
    <subfield code="u">http://10.13.5.2/ve/TC450EIUPA/TC450EIUPA2006-PLANO-DTICALDERA.pdf</subfield>
    <subfield code="y">DESCARGAR DIAGRAMA DE TUBER&#xCD;A E INSTRUMENTACI&#xD3;N (DTI) DE CALDERA</subfield>
  </datafield>
  <datafield tag="856" ind1="4" ind2="2">
    <subfield code="u">http://10.13.5.2/ve/TC450EIUPA/TC450EIUPA2006-PLANO-DTI-MEZCLADORA.pdf</subfield>
    <subfield code="y">DESCARGAR DIAGRAMA DE TUBER&#xCD;A E INSTRUMENTACI&#xD3;N (DTI) DE MEZCLADORA</subfield>
  </datafield>
  <datafield tag="856" ind1="4" ind2="2">
    <subfield code="u">http://10.13.5.2/ve/TC450EIUPA/TC450EIUPA2006-PLANO-DIAGRAMADEFLUJODENANCEENLICOR.pdf</subfield>
    <subfield code="y">DESCARGAR DIAGRAMA DE FLUJO DE NANCE EN LICOR</subfield>
  </datafield>
  <datafield tag="856" ind1="4" ind2="2">
    <subfield code="u">http://10.13.5.2/ve/TC450EIUPA/TC450EIUPA2006-PLANO-DIAGRAMADEFLUJOLICOR.pdf</subfield>
    <subfield code="y">DESCARGAR DIAGRAMA DE FLUJO DE LICOR DE XTABENTUN</subfield>
  </datafield>
  <datafield tag="856" ind1="4" ind2="2">
    <subfield code="u">http://10.13.5.2/ve/TC450EIUPA/TC450EIUPA2006-PLANO-DIAGRAMADERECORRIDODENANCEENLICOR3.pdf</subfield>
    <subfield code="y">DESCARGAR DIAGRAMA DE RECORRIDO DE NANCE EN LICOR</subfield>
  </datafield>
  <datafield tag="856" ind1="4" ind2="2">
    <subfield code="u">http://10.13.5.2/ve/TC450EIUPA/TC450EIUPA2006-Reporte.pdf</subfield>
    <subfield code="y">DESCARGAR REPORTE</subfield>
  </datafield>
  <datafield tag="901" ind1=" " ind2=" ">
    <subfield code="a">T.C.450 S99 EIUPA 2006</subfield>
  </datafield>
  <datafield tag="902" ind1=" " ind2=" ">
    <subfield code="a">M</subfield>
  </datafield>
  <datafield tag="905" ind1=" " ind2=" ">
    <subfield code="a">5132272006                          mx del 8223123322spa16</subfield>
  </datafield>
  <datafield tag="942" ind1=" " ind2=" ">
    <subfield code="2">local</subfield>
  </datafield>
  <datafield tag="942" ind1=" " ind2=" ">
    <subfield code="c">VE</subfield>
  </datafield>
  <datafield tag="999" ind1=" " ind2=" ">
    <subfield code="c">174395</subfield>
    <subfield code="d">174395</subfield>
  </datafield>
  <datafield tag="952" ind1=" " ind2=" ">
    <subfield code="0">0</subfield>
    <subfield code="1">0</subfield>
    <subfield code="2">local</subfield>
    <subfield code="4">0</subfield>
    <subfield code="5">1</subfield>
    <subfield code="7">0</subfield>
    <subfield code="8">VE</subfield>
    <subfield code="a">IA_</subfield>
    <subfield code="b">IA_</subfield>
    <subfield code="d">2022-01-18</subfield>
    <subfield code="e">El autor</subfield>
    <subfield code="l">0</subfield>
    <subfield code="o">T.C.450 S99 EIUPA 2006</subfield>
    <subfield code="p">1106008661</subfield>
    <subfield code="r">2022-01-18 00:00:00</subfield>
    <subfield code="t">Ej. 1</subfield>
    <subfield code="w">2022-01-18</subfield>
    <subfield code="y">CD</subfield>
  </datafield>
  <datafield tag="952" ind1=" " ind2=" ">
    <subfield code="0">0</subfield>
    <subfield code="1">0</subfield>
    <subfield code="2">local</subfield>
    <subfield code="4">0</subfield>
    <subfield code="7">0</subfield>
    <subfield code="8">VEE</subfield>
    <subfield code="a">IA_</subfield>
    <subfield code="b">IA_</subfield>
    <subfield code="c">E_L</subfield>
    <subfield code="d">2024-03-18</subfield>
    <subfield code="e">El autor</subfield>
    <subfield code="l">0</subfield>
    <subfield code="o">T.C.450 S99 EIUPA 2006</subfield>
    <subfield code="p">1206008661</subfield>
    <subfield code="r">2024-03-18 00:00:00</subfield>
    <subfield code="w">2024-03-18</subfield>
    <subfield code="y">VEE</subfield>
  </datafield>
</record>
